Effect of biofertilizers on early rooting, growth and nutrient status of black pepper (Record no. 48686)

MARC details
000 -LEADER
fixed length control field 00488nam a2200133Ia 4500
100 ## - MAIN ENTRY--AUTHOR NAME
Personal name Ashithraj N
245 #0 - TITLE STATEMENT
Title Effect of biofertilizers on early rooting, growth and nutrient status of black pepper
260 ## - PUBLICATION, DISTRIBUTION, ETC. (IMPRINT)
Name of publisher PLACROSYM XXI. International Symposium on Plantation Crops, 10-12 December 2014, Kozhikode, India, pp. 104-105. Abstracts.
650 ## - SUBJECT ADDED ENTRY--TOPICAL TERM
Topical Term Biofertilizers
650 ## - SUBJECT ADDED ENTRY--TOPICAL TERM
Topical Term Nutrient status
700 ## - ADDED ENTRY--PERSONAL NAME
Personal name Prameela K P
942 ## - ADDED ENTRY ELEMENTS (KOHA)
Koha item type Bibliography STAF
Holdings
Withdrawn status Lost status Damaged status Not for loan Home library Current library Shelving location Date acquired Koha item type
      Bibliography RRII Library RRII Library Agronomy 06/05/2015 Bibliography STAF